Pesticides: compounds, use and hazards. (2nd ed.) (Record no. 81856)
[ view plain ]
| 000 -LEADER | |
|---|---|
| fixed length control field | 00888nam a2200217 a 4500 |
| 008 - FIXED-LENGTH DATA ELEMENTS--GENERAL INFORMATION | |
| fixed length control field | 130524s2004 ||||||||||||||||| || u |
| 020 ## - INTERNATIONAL STANDARD BOOK NUMBER | |
| International Standard Book Number | 9077073418 |
| 050 ## - LIBRARY OF CONGRESS CALL NUMBER | |
| Classification number | SB 951.4 PES |
| 100 ## - MAIN ENTRY--PERSONAL NAME | |
| Personal name | Koomen, Irene |
| 245 10 - TITLE STATEMENT | |
| Title | Pesticides: compounds, use and hazards. (2nd ed.) |
| Statement of responsibility, etc. | by Jeroen Boland (and others) |
| 250 ## - EDITION STATEMENT | |
| Edition statement | 2nd rev.ed. |
| 260 ## - PUBLICATION, DISTRIBUTION, ETC. | |
| Place of publication, distribution, etc. | Netherlands: |
| Name of publisher, distributor, etc. | Agromisa Foundation |
| Date of publication, distribution, etc. | 2004 |
| 300 ## - PHYSICAL DESCRIPTION | |
| Extent | 108p. : ill. |
| 490 ## - | |
| -- | Agrodok-series |
| 650 ## - SUBJECT ADDED ENTRY--TOPICAL TERM | |
| Topical term or geographic name entry element | PESTICIDES |
| 650 ## - SUBJECT ADDED ENTRY--TOPICAL TERM | |
| Topical term or geographic name entry element | PESTICIDES--APPLICATIONS |
| 700 ## - ADDED ENTRY--PERSONAL NAME | |
| Personal name | Oudejans, Jan |
| 700 ## - ADDED ENTRY--PERSONAL NAME | |
| Personal name | Boland, Jeroen |
| 995 ## - | |
| -- | MAIN LIBRARY OPEN ACCESS |
| -- | 743846 |
| -- | CBU-MAIN LIBRARY (Kitwe) |
| -- | SB 951.4 PES |
| -- | 4 |
| -- | AVAILABLE |
| -- | May 24, 2013 |
| -- | 743846 |
| -- | Main Library Open Access Collection |
| 995 ## - | |
| -- | ANNEX COLLECTION (Main Library) |
| -- | 743848 |
| -- | CBU-MAIN LIBRARY (Kitwe) |
| -- | SB 951.4 PES |
| -- | 5 |
| -- | AVAILABLE |
| -- | May 24, 2013 |
| -- | 743848 |
| -- | Annex Low-Usage Collection |
| 999 ## - | |
| -- | 81856 |
| -- | 81856 |
| Withdrawn status | Lost status | Source of classification or shelving scheme | Damaged status | Not for loan | Permanent Location | Current Location | Shelving location | Date acquired | Total Checkouts | Full call number | Barcode | Date last seen | Copy number | Price effective from | Koha item type | Collection code | Source of acquisition |
|---|---|---|---|---|---|---|---|---|---|---|---|---|---|---|---|---|---|
| CBU- LUSAKA CAMPUS | CBU- LUSAKA CAMPUS | General Stacks | 10/17/2024 | SB 951.4 PES | 752887 | 10/17/2024 | 10/17/2024 | MONOGRAPH | CBU-Lusaka Campus | BOOK AID INTERNATIONAL | |||||||
| CBU-MAIN LIBRARY, KITWE. | CBU-MAIN LIBRARY, KITWE. | 09/12/2023 | SB 951.4 PES | 743846 | 09/12/2023 | 1 | 09/12/2023 | MONOGRAPH | |||||||||
| CBU-MAIN LIBRARY, KITWE. | CBU-MAIN LIBRARY, KITWE. | 09/12/2023 | SB 951.4 PES | 743848 | 09/12/2023 | 2 | 09/12/2023 | MONOGRAPH | |||||||||
| CBU- LUSAKA CAMPUS | CBU-MAIN LIBRARY, KITWE. | General Stacks | 10/17/2024 | SB 951.4 PES | 752888 | 10/17/2024 | 10/17/2024 | MONOGRAPH | CBU-Lusaka Campus | BOOK AID INTERNATIONAL |